| 000 | 01854nam a22005897a 4500 | ||
|---|---|---|---|
| 005 | 20250918151032.0 | ||
| 008 | 210819b2019 xxu||||| |||| 00| 0 spa d | ||
| 020 | _a9788417513825 | ||
| 041 | _aESP | ||
| 082 | _a302.2 F142c | ||
| 100 | _aFacta, Bernardo | ||
| 245 | _aComunicación que funciona: claves para triunfar en la vida y la profesión desde la comunicación | ||
| 260 | _aEspaña | ||
| 260 | _bESIC | ||
| 260 | _c2019 | ||
| 300 | _a493 páginas | ||
| 490 | _aTemática General | ||
| 650 | _aCOMUNICACIÓN | ||
| 650 | _aIMPORTANCIA DE LA COMUNICACIÓN NO VERBAL | ||
| 650 | _aIMPORTANCIA DE LA ESCRITURA | ||
| 650 | _aCOMUNICACIÓN POR E-MAIL | ||
| 650 | _a GESTIÓN DE LA COMUNICACIÓN CONFLICTIVA | ||
| 650 | _aGESTIÓN DE PERSONALIDADES | ||
| 650 | _aTIPOS DE INTERLOCUTORES | ||
| 650 | _aDIÁLOGO | ||
| 650 | _aFEEDBACK | ||
| 650 | _aCOMUNICACIÓN TRANSACCIONAL | ||
| 650 | _aPROGRAMACIÓN NEURO LINGUISTICA | ||
| 650 | _aCOMUNICACIÓN FORMATIVA | ||
| 650 | _aCOMUNICACIÓN EXITOSA | ||
| 650 | _aTIPOS DE INTELIGENCIA | ||
| 650 | _aESTILOS DE APRENDIZAJE | ||
| 650 | _aCOMUNICACIÓN TERAPÉUTICA | ||
| 650 | _aCOMUNICACIÓN NO VERBAL | ||
| 650 | _aCOMUNICACIÓN DEL COACHING | ||
| 650 | _aTÉCNICAS BREVES Y ESTRATÉGIAS DE COMUNICACIÓN | ||
| 650 | _aRECEPCIÓN | ||
| 650 | _aEMISIÓN PERSUASIVA | ||
| 650 | _aCOMUNICACIÓN ESCRITA | ||
| 650 | _aENSENCIA DEL ÉXITO | ||
| 650 | _aCLAVES DE LA COMUNICACIÓN | ||
| 650 | _aCOMUNICACIÓN TERAPÉUTICA | ||
| 650 | _aCOMUNICACIÓN PARA LA VENTA | ||
| 650 | _aNEGOCIACIÓN INTEGRATIVA | ||
| 650 | _aGESTIÓN DEL TIEMPO | ||
| 650 | _aLIDERAZGO | ||
| 650 | _aMOTIVACIÓN | ||
| 650 | _aPRESENTACIÓNES AUDIOVISUALES | ||
| 650 | _aCOMUNICACIÓN PÚBLICA | ||
| 650 | _aTÉCNICAS AVANZADAS DE COMUNICACIÓN | ||
| 942 |
_cBK _2ddc |
||
| 999 |
_c13150 _d13150 |
||